=LDR 00000nam 2200000 4500 =001 INLIS000000000028947 =005 20130612131222 =008 ***********************************ind** =035 ##$$a0010-061300000028947 =041 ##$$a ind =082 ##$$a 297.72 =090 ##$$a 297.72, CHA l =100 ##$$a Chalil, Komarudin =245 ##$$a 15 Kiat menjadi pembicara yang menggugah dan mengubah, Komarudin Chalil =260 ##$$a 2005 $b Bandung =300 ##$$a xxiv, 196 hlm., 18 cm =650 ##$$a Pidato =850 ##$$a NBPNMAT =990 ##$$a 94468/BPAP-NTB/2014